000 00669nam a2200241Ia 4500
005 20260121112738.0
008 8459 260114s9999 xx 000 0 eng d
020 _a9789812795427
037 _aEBOOK
040 _aCRL
_beng
_cCRL
041 _aeng
_2eng
084 _qCRL
100 _aFeng Da-Hsuan Et Al
_9962541
245 0 _aBeauty of Mathematics in Science, the: the Intellectual Path of J Q Chen
260 _bWorld Scientific
260 _bWSPC
260 _c2004
650 _aMathematics
_9962542
856 _uhttps://www.worldscientific.com/worldscibooks/10.1142/5163#t=toc
942 _cEBOOK
999 _c1545759
_d1545759